The injury chart book : a graphical overview of the global burden of injuries/
Salvato in:
| Enti autori: | , |
|---|---|
| Natura: | Libro |
| Pubblicazione: |
Geneva :
Dept. of Injuries and Violence Prevention, Noncommunicable Diseases and Mental Health Cluster, World Health Organization,
2002.
|
| Soggetti: | |
| Accesso online: | http://www5.who.int/violence%5Finjury%5Fprevention/main.cfm?p=0000000795 |
| Tags: |
Aggiungi Tag
Nessun Tag, puoi essere il primo ad aggiungerne!!
|
MARC
| LEADER | 00000cam a2200000 a 4500 | ||
|---|---|---|---|
| 020 | |a 924156220X |c TZS 5000/= | ||
| 040 | |a MUL |c MUL |b eng |e AACR | ||
| 082 | 0 | 0 | |a 617.14 INJ |2 22 |b 1 |
| 110 | |a World Health Organization |b Department of injuries and violence prevention noncommunicable diseases and mental health cluster | ||
| 245 | 0 | 4 | |a The injury chart book : |b a graphical overview of the global burden of injuries/ |c World Health Organization |
| 260 | |a Geneva : |b Dept. of Injuries and Violence Prevention, Noncommunicable Diseases and Mental Health Cluster, World Health Organization, |c 2002. | ||
| 300 | |a iii, 75 p. : |b chiefly col. ill., maps ; |c 21 x 30 cm. | ||
| 504 | |a Includes bibliographical references. | ||
| 650 | 0 | |a Wounds and injuries |v Statistics. | |
| 650 | 0 | |a Accidents |v Statistics. | |
| 650 | 0 | |a Death | |
| 650 | 0 | |a World health | |
| 650 | 1 | 2 | |a Wounds and Injuries |
| 650 | 1 | 2 | |a Wounds and Injuries |
| 650 | 2 | 2 | |a Accidents |
| 650 | 2 | 2 | |a Cost of Illness. |
| 650 | 2 | 2 | |a World Health. |
| 710 | 2 | |a World Health Organization. |b Injuries and Violence Prevention Department. | |
| 856 | 4 | 1 | |u http://www5.who.int/violence%5Finjury%5Fprevention/main.cfm?p=0000000795 |
| 942 | |c CC | ||
| 999 | |c 3557 |d 3557 | ||